[Event "GER-chT U10"]
[Site "Magdeburg"]
[Date "2014.12.28"]
[Round "3.1"]
[White "Lindner, Ben"]
[Black "Woestmann, Benjamin"]
[Result "0-1"]
[WhiteElo "949"]
[BlackElo "600"]
[PlyCount "94"]
[EventDate "2014.12.27"]
[EventType "team-swiss"]
[EventRounds "7"]
[EventCountry "GER"]
[SourceTitle "EXT 2016"]
[Source "ChessBase"]
[SourceDate "2015.10.08"]
[SourceVersion "1"]
[SourceVersionDate "2015.10.08"]
[SourceQuality "1"]
[WhiteTeam "Leipzig Gruen Weiss II"]
[BlackTeam "Hamburger SK II"]
[WhiteTeamCountry "GER"]
[BlackTeamCountry "GER"]

1. e4 e5 2. Nf3 Nc6 3. Bc4 Bc5 4. Nc3 Nf6 5. d3 h6 6. h3 d6 7. Be3 Bb6 8. Nd5 Nxd5 9. Bxd5 0-0 10. g4 Bxe3 11. fxe3 Nb4 12. a3 Nxd5 13. exd5 c6 14. e4 cxd5 15. exd5 Qa5+ 16. c3 Qxd5 17. Rg1 e4 18. dxe4 Qxe4+ 19. Qe2 Qc6 20. 0-0-0 Re8 21. Qg2 b6 22. g5 h5 23. g6 f6 24. Rge1 Rxe1 25. Rxe1 Bb7 26. Rf1 Re8 27. Qf2 Ba6 28. Re1 Rxe1+ 29. Nxe1 Qc5 30. Qxc5 dxc5 31. Kc2 Bc8 32. h4 Bf5+ 33. Nd3 Bxg6 34. b3 Kf8 35. Kd2 Ke7 36. c4 Bxd3 37. Kxd3 Kd6 38. Ke4 g5 39. hxg5 fxg5 40. Kf3 Ke5 41. Ke3 h4 42. Kf2 Kf4 43. Kg2 g4 44. a4 h3+ 45. Kg1 Kf3 46. Kf1 h2 47. Ke1 h1Q+ 0-1